Okc thunder quiz - Statistics

General Stats
  • This quiz has been taken 167 times
  • The average score is 10 of 12
Answer Stats
Hint Answer % Correct
Who did the thunder draft in 2007 Kevin durant
97%
When did the thunder move from seattle 2008
93%
What year did Russell Westbrook win MVP 2017
93%
How many games did the series last 5
92%
Three players were drafted for the thunder too win MVP who didn't win MVP with the thunder James Harden
91%
Who did the thunder trade to get Chris Paul from the rockets Russell Westbrook
91%
What year did the Thunder make the finals 2012
90%
What team did the thunder blow a 3-1 lead to in 2016 Warriors
88%
Who was the coach of the thunder from 2015 to 2020 Billy Donovan
61%
Who was picked #1 in the 2007 draft before Kevin Durant Greg Odin
58%
Who was in contention for 6MOTY in 2020 for the thunder Dennis Schroder
55%
What players broke russell Westbrook's leg Patrick Beverley
46%
No matching quizzes found
Score Distribution
Percent of People with Each Score
Percentile by Number Answered
Your Score History
You have not taken this quiz